States Without EF-5 Tornadoes-Sudden Death - Statistics

General Stats
  • This quiz has been taken 90 times
  • The average score is 12 of 28
Answers on the Grid
Answers color-coded by a green-red scale on the quiz's grid according to % correct below.
Wisconsin
Florida
Maine
Texas
Alaska
Hawaii
Montana
Kansas
Illinois
Indiana
Vermont
New Hampshire
Arizona
Colorado
South Dakota
North Carolina
North Dakota
South Carolina
Wyoming
Idaho
Massachusetts
Oklahoma
New Mexico
Georgia
Virginia
West Virginia
New York
Ohio
Kentucky
Washington
Oregon
California
Utah
Nebraska
Nevada
Mississippi
Michigan
Rhode Island
Connecticut
New Jersey
Alabama
Maryland
Louisiana
Arkansas
Delaware
Missouri
Iowa
Tennessee
Pennsylvania
Minnesota
 
Answer Stats
Answer % Correct
Hawaii
73%
Alaska
71%
Maine
67%
New Hampshire
67%
Vermont
67%
Montana
63%
Florida
59%
North Carolina
49%
Arizona
47%
Idaho
47%
Massachusetts
43%
Delaware
41%
New Jersey
39%
California
37%
Colorado
37%
New York
37%
Utah
37%
Connecticut
35%
New Mexico
35%
Washington
35%
Wyoming
35%
Oregon
33%
Rhode Island
33%
Maryland
31%
Nevada
31%
South Carolina
31%
West Virginia
31%
Virginia
29%
No matching quizzes found
Score Distribution
Percent of People with Each Score
Percentile by Number Answered
Your Score History
You have not taken this quiz